000 00869nam a2200253Ia 4500
003 OSt
005 20220923210954.0
006 a|||||r|||| 00| 0
007 ta
008 220922b |||||||| |||| 00| 0 hin d
020 _a8126312602 (hbk)
_c130
024 _a246,018
037 _b0/00922-D5, 08/03/2011, Bharatiya Gyanpith
_cTextual
040 _aARTS
_cARTS
_bhin
041 _2hin
_ahin
082 _aO152,2N587x, P6
100 _aमीरा कान्त
245 0 _aकन्धे पर बैठा था शाप
246 _aKandhe par baiṭhā thā shāpa
260 _aदिल्ली
_b भारतीय ज्ञानपीठ
_c2006
300 _a163पृ.
_ccm.
942 _hO152,2N587x, P6
_cTEXL
_2CC
999 _c293336
_d293336